书目信息 |
| 题名: |
链球、标枪
|
|
| 作者: | 盛文林 著 | |
| 分册: | ||
| 出版信息: | 北京 台海出版社 2014 |
|
| 页数: | 185页 | |
| 开本: | 23cm | |
| 丛书名: | 全民阅读体育知识读本 | |
| 单 册: | ||
| 中图分类: | G824 | |
| 科图分类: | ||
| 主题词: | 链球投掷--lian qiu tou zhi--基本知识 , 标枪投掷--biao qiang tou zhi--基本知识 | |
| 电子资源: | ||
| ISBN: | 978-7-5168-0442-1 | |
| 000 | 01241nam 2200289 45 | |
| 001 | 012001002670 | |
| 005 | 20131030105353.0 | |
| 010 | @a978-7-5168-0442-1@dCNY29.60 | |
| 099 | @aCAL 012015050931 | |
| 100 | @a20150422d2014 em y0chiy50 ea | |
| 101 | 0 | @achi |
| 102 | @aCN@b110000 | |
| 105 | @aack g 000yd | |
| 106 | @ar | |
| 200 | 1 | @a链球、标枪@Alian qiu 、 biao qiang@e彩练当空舞@f盛文林著 |
| 210 | @a北京@c台海出版社@d2014 | |
| 215 | @a185页@c图, 肖像@d23cm | |
| 225 | 2 | @a全民阅读体育知识读本@Aquan min yue du ti yu zhi shi du ben |
| 330 | @a链球是田径运动中投掷项目之一,最初是在中世纪的英格兰由打铁的铁锤演变而来。1900年在第二届奥林匹克运动会上,掷链球开始被列为比赛项目。掷标枪是田径运动项目之一,它起源于古代人类用长矛猎取野兽的活动,后长矛又发展成为作战的兵器。1792年瑞典的法隆开始举行标枪比赛。男子标枪和女子标枪分别于1908年和1932年被列为现代奥运会比赛项目。1960年列为奥运会正式比赛项目。 | |
| 410 | 0 | @12001@a全民阅读体育知识读本 |
| 517 | 1 | @a彩练当空舞@Acai lian dang kong wu |
| 606 | 0 | @a链球投掷@Alian qiu tou zhi@x基本知识 |
| 606 | 0 | @a标枪投掷@Abiao qiang tou zhi@x基本知识 |
| 690 | @aG824@v5 | |
| 701 | 0 | @a盛文林@Asheng wen lin@4著 |
| 801 | @b江苏凤凰@c20191020 | |
| 905 | @b1230031-6@dG824@e157@f6 | |
| 链球、标枪:彩练当空舞/盛文林著.-北京:台海出版社,2014 |
| 185页:图, 肖像;23cm.-(全民阅读体育知识读本) |
| ISBN 978-7-5168-0442-1:CNY29.60 |
| 链球是田径运动中投掷项目之一,最初是在中世纪的英格兰由打铁的铁锤演变而来。1900年在第二届奥林匹克运动会上,掷链球开始被列为比赛项目。掷标枪是田径运动项目之一,它起源于古代人类用长矛猎取野兽的活动,后长矛又发展成为作战的兵器。1792年瑞典的法隆开始举行标枪比赛。男子标枪和女子标枪分别于1908年和1932年被列为现代奥运会比赛项目。1960年列为奥运会正式比赛项目。 |
| ● |
| 相关链接 |
|
|
|
|
正题名:链球、标枪
索取号:G824/157
 
预约/预借
| 序号 | 登录号 | 条形码 | 馆藏地/架位号 | 状态 | 备注 |
| 1 | 1230031 | 212300311 | 第一样本阅览室/ [索取号:G824/157] | 在馆 | |
| 2 | 1230032 | 212300320 | 教育系资料室/ [索取号:G824/157] | 在馆 | |
| 3 | 1230033 | 212300339 | 教育系资料室/ [索取号:G824/157] | 在馆 | |
| 4 | 1230034 | 212300348 | 第四借阅区/ [索取号:G824/157] | 在馆 | |
| 5 | 1230035 | 212300357 | 第四借阅区/ [索取号:G824/157] | 在馆 | |
| 6 | 1230036 | 212300366 | 第四借阅区/ [索取号:G824/157] | 在馆 |